Mechanics of Materials (Record no. 5613)
[ view plain ]
| 000 -LEADER | |
|---|---|
| fixed length control field | 00339nam a2200145Ia 4500 |
| 008 - FIXED-LENGTH DATA ELEMENTS--GENERAL INFORMATION | |
| fixed length control field | 191201s2012 xx 000 0 und d |
| 082 ## - DEWEY DECIMAL CLASSIFICATION NUMBER | |
| Classification number | 620.1 |
| Item number | GEM |
| 100 ## - MAIN ENTRY--PERSONAL NAME | |
| Personal name | GERE,James M |
| 245 #0 - TITLE STATEMENT | |
| Title | Mechanics of Materials |
| 250 ## - EDITION STATEMENT | |
| Edition statement | Rep |
| 260 ## - PUBLICATION, DISTRIBUTION, ETC. (IMPRINT) | |
| Place of publication, distribution, etc | N. Delhi |
| Name of publisher, distributor, etc | CBS Publishers |
| Date of publication, distribution, etc | 2012 |
| 300 ## - PHYSICAL DESCRIPTION | |
| Extent | 762 |
| 650 ## - SUBJECT ADDED ENTRY--TOPICAL TERM | |
| Topical term or geographic name as entry element | B.Tech(ME) |
| 942 ## - ADDED ENTRY ELEMENTS (KOHA) | |
| Source of classification or shelving scheme | Dewey Decimal Classification |
| Koha item type | Text Books |
| Withdrawn status | Lost status | Source of classification or shelving scheme | Damaged status | Not for loan | Collection code | Home library | Current library | Date acquired | Source of acquisition | Cost, normal purchase price | Bill Number | Total Checkouts | Full call number | Acc. no. / Barcode | Date last seen | Bill Date | Koha item type | Date last borrowed | Actual Cost, discounted price |
|---|---|---|---|---|---|---|---|---|---|---|---|---|---|---|---|---|---|---|---|
| Dewey Decimal Classification | B.Tech(ME) | PIET C-LIBRARY | PIET C-LIBRARY | 08/05/2013 | IBH, New Delhi | 375.00 | 1014 | 620.1 GEM | 21663 | 04/12/2019 | 06/05/2013 | Text Books | |||||||
| Dewey Decimal Classification | B.Tech(ME) | PIET C-LIBRARY | PIET C-LIBRARY | 08/05/2013 | IBH, New Delhi | 375.00 | 1014 | 620.1 GEM | 21664 | 04/12/2019 | 06/05/2013 | Text Books | |||||||
| Dewey Decimal Classification | B.Tech(ME) | PIET C-LIBRARY | PIET C-LIBRARY | 08/05/2013 | IBH, New Delhi | 375.00 | 1014 | 1 | 620.1 GEM | 21665 | 30/11/2021 | 06/05/2013 | Text Books | 29/11/2021 | |||||
| Dewey Decimal Classification | B.Tech(ME) | PIET C-LIBRARY | PIET C-LIBRARY | 08/05/2013 | IBH, New Delhi | 375.00 | 1014 | 620.1 GEM | 21666 | 04/12/2019 | 06/05/2013 | Text Books | |||||||
| Dewey Decimal Classification | B.Tech(ME) | PIET C-LIBRARY | PIET C-LIBRARY | 08/05/2013 | IBH, New Delhi | 375.00 | 1014 | 620.1 GEM | 21667 | 04/12/2019 | 06/05/2013 | Text Books | |||||||
| Dewey Decimal Classification | B.Tech(ME) | PIET C-LIBRARY | PIET C-LIBRARY | 15/05/2013 | IBH, New Delhi | 599.00 | 1341 | 620.1 GEM | 22294 | 04/12/2019 | 11/05/2013 | Text Books | |||||||
| Dewey Decimal Classification | B.Tech(ME) | PIET C-LIBRARY | PIET C-LIBRARY | 15/05/2013 | IBH, New Delhi | 599.00 | 1341 | 620.1 GEM | 22295 | 04/12/2019 | 11/05/2013 | Text Books | |||||||
| Dewey Decimal Classification | B.Tech(ME) | PIET C-LIBRARY | PIET C-LIBRARY | 15/05/2013 | IBH, New Delhi | 599.00 | 1341 | 620.1 GEM | 22296 | 04/12/2019 | 11/05/2013 | Text Books | |||||||
| Dewey Decimal Classification | B.Tech(CE) | PIET C-LIBRARY | PIET C-LIBRARY | 18/03/2014 | IBH, New Delhi | 410.00 | 22792 | 620.1 GEM | 23394 | 04/12/2019 | 08/03/2014 | Text Books | 267.65 | ||||||
| Dewey Decimal Classification | B.Tech(CE) | PIET C-LIBRARY | PIET C-LIBRARY | 18/03/2014 | IBH, New Delhi | 410.00 | 22792 | 620.1 GEM | 23395 | 04/12/2019 | 08/03/2014 | Text Books | 267.65 | ||||||
| Dewey Decimal Classification | B.Tech(CE) | PIET C-LIBRARY | PIET C-LIBRARY | 18/03/2014 | IBH, New Delhi | 410.00 | 22792 | 620.1 GEM | 23396 | 04/12/2019 | 08/03/2014 | Text Books | 267.65 |